| 000 | 00469nam a2200157 a 4500 | ||
|---|---|---|---|
| 001 | 000040296 | ||
| 005 | 20201002034036.0 | ||
| 008 | 130821s2004 19- r 000 0 spa d | ||
| 040 |
_aDO-SdBNP _bspa _cBNPHU |
||
| 082 |
_axxxx _bxxxx |
||
| 100 | 1 |
_aPetra, James _966580 |
|
| 245 | 1 | 0 |
_aAmérica latina : _bneoliberalismo y perspectivas populares / _cJames Petras. |
| 260 |
_aSanto Domingo : _bIPECP, _cs. f. |
||
| 300 |
_a197 p. ; _c21 cm. |
||
| 590 | _aInventariado, 2019/BT | ||
| 999 |
_c39786 _d39786 |
||